000 00303nam a2200133Ia 4500
008 200103s9999||||xx |||||||||||||| ||und||
040 _aIMU-MPC
082 _aColumn-41
100 _aDixon, J. H.
245 0 _aShipbuilding Technology
260 _bMir Publishers, Moscow
300 _a545
942 _cBK
999 _c8584
_d8584